000 00450nmm a2200157Ia 4500
008 251105s9999||||xx |||||||||||||||||und||
020 _a9789562849609
041 _aspa
100 _aCalderón, Alfonso
245 0 _aDiario de Valparaíso
264 _a[Santiago de Chile, Chile] :
_bRil editores,
_c2013
300 _a322 páginas
650 _aLatin American narrative
856 _uhttps://public.digitaliapublishing.com/a/25547
942 _cCF
999 _c94612
_d94612